[Event "ICS rated blitz match"]
[Site "204.178.125.65"]
[Date "2001.01.11"]
[Round "?"]
[White "armenjan"]
[Black "Hossa"]
[Result "0-1"]
[WhiteElo "2169"]
[BlackElo "2513"]
[PlyCount "40"]
[EventDate "2001.??.??"]

1. d4 d5 2. c4 e6 3. Nc3 Nf6 4. Bg5 Nbd7 5. e3 c6 6. Nf3 Qa5 7. cxd5 Nxd5 8.
Qd2 Bb4 9. Rc1 f6 10. Bh4 c5 11. Bd3 cxd4 12. exd4 N7b6 13. O-O Na4 14. Qc2
Bxc3 15. bxc3 Naxc3 16. Bxh7 Qxa2 17. Bg6+ Kf8 18. Qxa2 Nxa2 19. Ra1 Nf4 20.
Bd3 Nc3 {armenjan resigns} 0-1

[Event "ICS rated blitz match"]
[Site "204.178.125.65"]
[Date "2001.01.11"]
[Round "?"]
[White "Hossa"]
[Black "beldros"]
[Result "1-0"]
[WhiteElo "2517"]
[BlackElo "2230"]
[PlyCount "51"]
[EventDate "2001.??.??"]

1. e4 c6 2. Nf3 d5 3. Nc3 dxe4 4. Nxe4 Nf6 5. Nxf6+ gxf6 6. d4 Bg4 7. Be2 e6 8.
O-O Bd6 9. Bh6 Nd7 10. h3 Bh5 11. Re1 Qc7 12. c3 Rg8 13. Qa4 Bf4 14. Bxf4 Qxf4
15. Qd1 O-O-O 16. Nh2 Bxe2 17. Qxe2 Rg7 18. Ng4 h5 19. Ne3 Rdg8 20. Qxh5 e5 21.
g4 exd4 22. cxd4 f5 23. Qxf5 Qxd4 24. Red1 Qxb2 25. Rab1 Qxa2 26. Qxd7+ {
beldros resigns} 1-0

[Event "ICS rated blitz match"]
[Site "204.178.125.65"]
[Date "2001.01.12"]
[Round "?"]
[White "PostModernist"]
[Black "Hossa"]
[Result "1-0"]
[WhiteElo "2597"]
[BlackElo "2522"]
[PlyCount "135"]
[EventDate "2001.??.??"]

1. e4 c5 2. c3 d5 3. exd5 Qxd5 4. d4 e6 5. Nf3 Nf6 6. Na3 Qd8 7. Nc2 cxd4 8.
Ncxd4 Bc5 9. Be3 Nbd7 10. Qc2 Ng4 11. O-O-O Nxe3 12. fxe3 O-O 13. Bc4 Qc7 14.
Rhe1 Nf6 15. h4 Bxd4 16. cxd4 Bd7 17. Bd3 Qg3 18. Kb1 Rac8 19. Qe2 Bc6 20. Rc1
Nd5 21. Ne5 Nb4 22. Nxc6 bxc6 23. Bc2 Nxc2 24. Qxc2 a5 25. Qe4 Rfe8 26. Re2 Qc7
27. Rec2 Qb7 28. Rxc6 Rb8 29. Qc2 f5 30. Rc5 a4 31. Rc7 Qb5 32. Ra7 Qb6 33.
Rxa4 Qb7 34. Rc4 Qe7 35. Qf2 Qb7 36. Rc7 Qe4+ 37. R1c2 Qg4 38. Kc1 Ra8 39. a3
e5 40. dxe5 Qe4 41. Qf4 Qd5 42. Rxg7+ Kxg7 43. Rc7+ Qf7 44. Rxf7+ Kxf7 45.
Qxf5+ Kg8 46. Qg5+ Kh8 47. Qf6+ Kg8 48. e6 Ra7 49. h5 Rg7 50. h6 Rc7+ 51. Kd2
Rce7 52. Kd3 Rd8+ 53. Ke4 Rde8 54. Ke5 Rb7 55. a4 Rd7 56. a5 Rde7 57. a6 Ra7
58. Kd6 Rea8 59. Qg5+ Kh8 60. e7 Rxa6+ 61. Kd7 R8a7+ 62. Ke8 Rg6 63. Qf4 Ra4
64. Qxa4 Rxh6 65. Kf7 Rf6+ 66. Kxf6 h5 67. Qc2 Kg8 68. e8=Q# {Hossa checkmated}
1-0

[Event "ICS rated blitz match"]
[Site "204.178.125.65"]
[Date "2001.01.12"]
[Round "?"]
[White "Hossa"]
[Black "PostModernist"]
[Result "0-1"]
[WhiteElo "2509"]
[BlackElo "2611"]
[PlyCount "126"]
[EventDate "2001.??.??"]

1. d4 d5 2. Nc3 Nf6 3. Bg5 Nbd7 4. Nf3 g6 5. e3 Bg7 6. Bd3 O-O 7. Qd2 b6 8.
O-O-O Bb7 9. h4 Ne4 10. Bxe4 dxe4 11. Ng1 h6 12. Bf4 e5 13. dxe5 Nxe5 14. Qe2
Qe8 15. f3 exf3 16. gxf3 Rd8 17. Rxd8 Qxd8 18. Kb1 Re8 19. e4 Qf6 20. Be3 Qe6
21. h5 Nxf3 22. Qxf3 Bxc3 23. hxg6 Qxg6 24. Rh2 Bxe4 25. Qd1 Bg7 26. Qc1 c5 27.
Bf4 h5 28. Nh3 Bf5 29. Ng5 Bh6 30. Nh3 Bxh3 31. Bxh6 Bf5 32. Bd2 Re4 33. Qh1
Rg4 34. Qa8+ Kh7 35. Bc1 Rg1 36. Rd2 a5 37. Qf3 h4 38. Rf2 Be6 39. Qf4 h3 40.
Qh4+ Kg7 41. b3 f6 42. Qf4 Rg2 43. Bb2 Rxf2 44. Qxf2 Bf5 45. Kc1 Qh6+ 46. Kb1
Bxc2+ 47. Ka1 h2 48. Qg2+ Bg6 49. Qb7+ Bf7 50. Qg2+ Kh7 51. Qh1 Bd5 52. Qb1+
Qg6 53. Bc3 Qxb1+ 54. Kxb1 h1=Q+ 55. Kb2 Qh2+ 56. Ka3 Kg7 57. Bb2 b5 58. Bc3
b4+ 59. Bxb4 axb4+ 60. Ka4 Bc6+ 61. Ka5 Qb8 62. Ka6 Qb5+ 63. Ka7 Qb7# {
Hossa checkmated} 0-1

[Event "ICS rated blitz match"]
[Site "204.178.125.65"]
[Date "2001.01.12"]
[Round "?"]
[White "PostModernist"]
[Black "Hossa"]
[Result "0-1"]
[WhiteElo "2622"]
[BlackElo "2498"]
[PlyCount "112"]
[EventDate "2001.??.??"]

1. e4 e5 2. Bc4 Nf6 3. d3 Nc6 4. Nc3 Bb4 5. Nf3 d6 6. O-O Bxc3 7. bxc3 Na5 8.
Bb3 O-O 9. h3 Nxb3 10. cxb3 Be6 11. Bg5 Qe7 12. Nd2 h6 13. Bh4 Kh8 14. d4 Rac8
15. Qf3 Rg8 16. Rfd1 Rcd8 17. a4 c6 18. a5 Rd7 19. dxe5 dxe5 20. a6 bxa6 21.
Qe2 Rgd8 22. b4 a5 23. bxa5 Qc5 24. Bxf6 gxf6 25. Rac1 Qa3 26. Qe1 Qxa5 27. h4
Rd3 28. Rc2 Rxc3 29. Rdc1 Rxc2 30. Rxc2 Bb3 31. Rb2 Qc3 32. Rxb3 Qxd2 33. Qxd2
Rxd2 34. Rb7 Rd1+ 35. Kh2 Kg7 36. Rxa7 Rd4 37. f3 f5 38. exf5 Rxh4+ 39. Kg3 Rc4
40. Kh3 h5 41. g3 Rc3 42. Kg2 Rc2+ 43. Kh3 Rc4 44. Ra8 Kf6 45. Rh8 Kg5 46. Kg2
Rc2+ 47. Kg1 f6 48. Kf1 Rc4 49. Kf2 h4 50. gxh4+ Rxh4 51. Rxh4 Kxh4 52. Ke3 Kg3
53. Ke4 c5 54. Ke3 c4 55. f4 exf4+ 56. Kd4 c3 {PostModernist resigns} 0-1

[Event "ICS rated blitz match"]
[Site "204.178.125.65"]
[Date "2001.01.12"]
[Round "?"]
[White "Hossa"]
[Black "PostModernist"]
[Result "1/2-1/2"]
[WhiteElo "2519"]
[BlackElo "2601"]
[PlyCount "62"]
[EventDate "2001.??.??"]

1. e4 c5 2. c3 Nf6 3. e5 Nd5 4. Nf3 e6 5. d4 cxd4 6. cxd4 b6 7. Nc3 Nxc3 8.
bxc3 Qc7 9. Qc2 Bb7 10. Bb5 Be7 11. O-O Bxf3 12. gxf3 f5 13. f4 O-O 14. Qd3 a6
15. Ba4 d5 16. Bd2 b5 17. Bd1 Nc6 18. Qg3 Na5 19. Be2 Nc4 20. Bxc4 Qxc4 21.
Rfe1 Rfc8 22. Kh1 a5 23. Rg1 Bf8 24. a3 Qa4 25. Qd3 Rc4 26. h4 Bxa3 27. h5 Qb3
28. Rab1 Qa2 29. Ra1 Qb3 30. Rab1 Qa2 31. Ra1 Qb3 {Game drawn by repetition}
1/2-1/2

[Event "ICS rated blitz match"]
[Site "204.178.125.65"]
[Date "2001.01.12"]
[Round "?"]
[White "Hossa"]
[Black "eurico"]
[Result "1-0"]
[WhiteElo "2523"]
[BlackElo "2461"]
[PlyCount "59"]
[EventDate "2001.??.??"]

1. e4 e6 2. d4 d5 3. Nc3 Nf6 4. e5 Nfd7 5. f4 c5 6. Nf3 Nc6 7. Be3 Qb6 8. Na4
Qa5+ 9. c3 c4 10. Kf2 Be7 11. b4 Qc7 12. b5 Nd8 13. Be2 O-O 14. Qc2 f5 15. Ng5
Bxg5 16. fxg5 a6 17. Rhb1 axb5 18. Rxb5 Nc6 19. Kg1 f4 20. Bf2 Qd8 21. Bg4 Qe7
22. Rf1 Ndxe5 23. dxe5 Nxe5 24. Nb6 Ra6 25. Bc5 Qxg5 26. Bxf8 Nxg4 27. Bd6 Ne3
28. Bxf4 Nxc2 29. Bxg5 Na3 30. Rb2 {eurico resigns} 1-0

[Event "ICS Rated blitz match"]
[Site "204.178.125.65"]
[Date "2001.01.12"]
[Round "?"]
[White "coolice"]
[Black "Hossa"]
[Result "0-1"]
[WhiteElo "2174"]
[BlackElo "2536"]
[PlyCount "116"]
[EventDate "2001.??.??"]

1. d4 Nf6 2. Nc3 d5 3. Bg5 Nc6 4. Qd2 Bf5 5. f3 Nb4 6. Rc1 h6 7. Bh4 c5 8. e3
cxd4 9. exd4 Nc6 10. Bd3 Bxd3 11. Qxd3 e6 12. Nge2 Bd6 13. O-O a6 14. h3 g5 15.
Bg3 Bxg3 16. Nxg3 Qb6 17. Nge2 O-O-O 18. b3 Qc7 19. Na4 Kb8 20. c4 Qd6 21. c5
Qc7 22. Nb6 Nd7 23. Nxd7+ Qxd7 24. a3 e5 25. b4 exd4 26. Nxd4 Ne5 27. Qc3 Nc4
28. a4 Rhf8 29. b5 Qe7 30. c6 axb5 31. axb5 Rde8 32. cxb7 Qe3+ 33. Qxe3 Nxe3
34. Rf2 Kxb7 35. Rc6 Rh8 36. Ra2 Nc4 37. Nf5 h5 38. Raa6 Re1+ 39. Kh2 Rd8 40.
Rf6 Rd7 41. Rh6 Rb1 42. Rxh5 g4 43. hxg4 Rxb5 44. Rf6 Rb6 45. Rhh6 Rxf6 46.
Rxf6 d4 47. Nxd4 Rxd4 48. Rxf7+ Kc6 49. g5 Rd2 50. g6 Ne3 51. g7 Rxg2+ 52. Kh3
Rg1 53. Kh4 Kd6 54. Kh5 Ke6 55. Ra7 Nd5 56. Kh6 Nf6 57. f4 Kf5 58. Rf7 Rh1# {
coolice checkmated} 0-1

[Event "ICS rated blitz match"]
[Site "204.178.125.65"]
[Date "2001.01.12"]
[Round "?"]
[White "Hossa"]
[Black "PostModernist"]
[Result "1/2-1/2"]
[WhiteElo "2540"]
[BlackElo "2614"]
[PlyCount "145"]
[EventDate "2001.??.??"]

1. d4 d5 2. c4 c6 3. Nf3 dxc4 4. e3 Be6 5. a4 Nf6 6. Na3 c5 7. Bxc4 Bxc4 8.
Nxc4 Qd5 9. Nce5 e6 10. O-O Bd6 11. b3 cxd4 12. Qxd4 Qxd4 13. exd4 O-O 14. Bd2
Nbd7 15. Rfc1 a5 16. Nc4 Bc7 17. Rc2 Nd5 18. Rac1 N7f6 19. g3 h6 20. Nfe5 Rfd8
21. Ne3 Bd6 22. Nxd5 Nxd5 23. Kg2 Ba3 24. Rf1 h5 25. h3 g6 26. Re1 Bd6 27. Rec1
Kg7 28. Kf3 Be7 29. Ke4 f6 30. Nc4 Bb4 31. Ne3 Bxd2 32. Rxd2 f5+ 33. Kf3 Rac8
34. Rxc8 Rxc8 35. Nc4 b5 36. axb5 a4 37. Na5 Ra8 38. Nc4 axb3 39. Rb2 Ra4 40.
Ne5 Rb4 41. Nd3 Rxb5 42. Nc5 Kf7 43. Rxb3 Rxb3+ 44. Nxb3 g5 45. Nc5 Nb4 46. Ke3
h4 47. gxh4 Nd5+ 48. Ke2 gxh4 49. Kf3 Kf6 50. Nd7+ Kg6 51. Nf8+ Kf7 52. Nd7 Nc3
53. Kf4 Ke7 54. Ne5 Kf6 55. Ke3 Nd5+ 56. Kf3 Nc7 57. Nd7+ Ke7 58. Nc5 Nb5 59.
Ke3 Kd6 60. Nd3 Na3 61. Kf4 Nb5 62. Kg5 Nxd4 63. Kxh4 Ne2 64. Kh5 Kd5 65. Kg5
Ng1 66. Kh4 Ke4 67. Nc5+ Kf3 68. Nxe6 Nxh3 69. Kxh3 Kxf2 70. Nf4 Kf3 71. Nh5 f4
72. Kh2 Kf2 73. Nxf4 {Game drawn because neither player has mating material}
1/2-1/2

[Event "ICS rated blitz match"]
[Site "204.178.125.65"]
[Date "2001.01.12"]
[Round "?"]
[White "QueenMaxima"]
[Black "Hossa"]
[Result "1/2-1/2"]
[WhiteElo "2549"]
[BlackElo "2543"]
[PlyCount "298"]
[EventDate "2001.??.??"]

1. e4 e5 2. Nf3 Nf6 3. Nxe5 d6 4. Nf3 Nxe4 5. Nc3 Nxc3 6. dxc3 Be7 7. Bd3 Nc6
8. O-O Be6 9. Qe2 O-O 10. Qe4 g6 11. Bh6 d5 12. Qa4 Re8 13. Rfe1 Bd6 14. Rad1
a6 15. h3 b5 16. Qh4 Qxh4 17. Nxh4 b4 18. Bd2 bxc3 19. Bxc3 Bb4 20. Bd2 Bxd2
21. Rxd2 Nb4 22. a3 Nxd3 23. Rxd3 c5 24. b3 d4 25. b4 Rec8 26. bxc5 Rxc5 27.
Rd2 Rac8 28. Nf3 Rxc2 29. Rxc2 Rxc2 30. Nxd4 Ra2 31. Nxe6 fxe6 32. Rxe6 Rxa3
33. Re7 a5 34. Kh2 h5 35. f3 Kf8 36. Ra7 h4 37. Rh7 Ra4 38. Rd7 Kg8 39. Ra7 Ra2
40. Re7 Ra4 41. Rd7 Rc4 42. Ra7 a4 43. Kg1 Rc1+ 44. Kf2 Rc2+ 45. Ke3 Ra2 46.
Kd3 a3 47. Ke3 Rxg2 48. Rxa3 Rg3 49. Ra4 Rxh3 50. Rg4 Kg7 51. Kf2 Rh2+ 52. Kg1
Re2 53. Rxh4 Kf6 54. Rh2 Re8 55. Kf2 Kf5 56. Rh7 Rc8 57. Rf7+ Ke6 58. Rg7 Kf6
59. Rb7 Rc6 60. Ke3 Ra6 61. Rc7 Ra3+ 62. Ke4 Ra4+ 63. Kd5 g5 64. Rc6+ Kf5 65.
Rc8 Kf4 66. Rf8+ Kg3 67. Ke5 Rb4 68. Rf7 Rb6 69. Kd5 Rb8 70. Ke4 Rg8 71. Ke3
Re8+ 72. Kd4 Re1 73. Kd5 Rf1 74. Rf5 Kh4 75. Ke4 Re1+ 76. Kd4 Rb1 77. Rf7 Kg3
78. Ke3 Ra1 79. Rf8 Re1+ 80. Kd4 Rg1 81. Ke3 Rf1 82. Rf5 Rh1 83. Rxg5+ Kh4 84.
f4 Re1+ 85. Kd4 Rd1+ 86. Ke4 Rf1 87. Rg6 Re1+ 88. Kf5 Kh5 89. Rg5+ Kh6 90. Rg8
Rf1 91. Rh8+ Kg7 92. Rd8 Kf7 93. Rd7+ Kf8 94. Rc7 Rg1 95. Kf6 Kg8 96. f5 Rh1
97. Rb7 Rh6+ 98. Ke5 Kf8 99. f6 Rh4 100. Rd7 Rh3 101. Kf4 Ke8 102. Re7+ Kf8
103. Ke4 Rh4+ 104. Kf5 Rh5+ 105. Ke6 Rh3 106. Rf7+ Kg8 107. Rc7 Re3+ 108. Kd5
Rd3+ 109. Ke4 Rg3 110. Rd7 Rg4+ 111. Ke5 Kf8 112. Ra7 Rg3 113. Ke4 Rg2 114. Rc7
Re2+ 115. Kf4 Rf2+ 116. Kg5 Rg2+ 117. Kh5 Rh2+ 118. Kg6 Rg2+ 119. Kf5 Rg1 120.
Rh7 Rf1+ 121. Ke6 Re1+ 122. Kd6 Rd1+ 123. Ke5 Kg8 124. Re7 Re1+ 125. Kd6 Rf1
126. Ke6 Re1+ 127. Kd7 Rc1 128. Rg7+ Kf8 129. Kd6 Rd1+ 130. Ke6 Re1+ 131. Kf5
Rf1+ 132. Ke5 Rh1 133. Ra7 Re1+ 134. Kf4 Rf1+ 135. Kg5 Rg1+ 136. Kh5 Rh1+ 137.
Kg6 Rg1+ 138. Kf5 Rd1 139. Rb7 Rf1+ 140. Kg5 Rg1+ 141. Kh6 Rh1+ 142. Kg6 Rg1+
143. Kh5 Re1 144. Rb6 Rh1+ 145. Kg4 Rg1+ 146. Kf3 Rf1+ 147. Ke2 Rh1 148. Rb7
Rh2+ 149. Ke3 Rh3+ {Game drawn by the 50 move rule} 1/2-1/2

[Event "ICS rated blitz match"]
[Site "204.178.125.65"]
[Date "2001.01.12"]
[Round "?"]
[White "Hossa"]
[Black "Loxnessi"]
[Result "1-0"]
[WhiteElo "2543"]
[BlackElo "2418"]
[PlyCount "137"]
[EventDate "2001.??.??"]

1. e4 e6 2. d4 d5 3. Nc3 Bb4 4. e5 c5 5. Bd2 cxd4 6. Nb5 Bxd2+ 7. Qxd2 Ne7 8.
Nd6+ Kf8 9. Qxd4 Nbc6 10. Qf4 Nf5 11. Nxf5 exf5 12. O-O-O Be6 13. Nf3 Qb6 14.
Nd4 Nxd4 15. Qxd4 Qxd4 16. Rxd4 Ke7 17. Be2 f6 18. exf6+ Kxf6 19. Rhd1 Rhd8 20.
Bc4 Rd6 21. Bxd5 Rad8 22. c4 Bxd5 23. cxd5 g5 24. g3 Rc8+ 25. Kd2 Rc5 26. Ke3
Rc2 27. R4d2 Rc4 28. f4 Re4+ 29. Kf3 Rc4 30. fxg5+ Kxg5 31. Rd4 Rc2 32. Rb4 b6
33. h3 Kf6 34. Rb3 Ke5 35. Re3+ Kf6 36. Ra3 Rc5 37. Rxa7 Rcxd5 38. Rxd5 Rxd5
39. Rxh7 Rd2 40. Rh6+ Ke5 41. Rxb6 Rd3+ 42. Kf2 Rd2+ 43. Ke3 Rg2 44. Kf3 Rh2
45. h4 Rh1 46. Rb8 Rf1+ 47. Kg2 Ra1 48. Re8+ Kf6 49. Ra8 Rb1 50. Rf8+ Ke7 51.
Rb8 Ra1 52. Ra8 Rc1 53. Kf3 Rc2 54. Rb8 Rc5 55. Rb7+ Kf6 56. Rb4 Ke5 57. g4 Rc2
58. Rb5+ Kd4 59. gxf5 Rc1 60. Kf2 Rh1 61. f6 Rh2+ 62. Kg3 Rd2 63. f7 Rd3+ 64.
Kf2 Rd2+ 65. Ke1 Rh2 66. f8=Q Rxh4 67. Rb4+ Ke3 68. Qf2+ Kd3 69. Qe2# {
Loxnessi checkmated} 1-0

[Event "ICS rated blitz match"]
[Site "204.178.125.65"]
[Date "2001.01.12"]
[Round "?"]
[White "sekere"]
[Black "Hossa"]
[Result "0-1"]
[WhiteElo "2062"]
[BlackElo "2553"]
[PlyCount "34"]
[EventDate "2001.??.??"]

1. e4 e5 2. f4 exf4 3. Nf3 h6 4. d4 g5 5. h4 Bg7 6. Bc4 Nc6 7. c3 g4 8. Ng1 Qe7
9. Nd2 Nf6 10. Qe2 d6 11. Qd3 d5 12. Bb5 dxe4 13. Qc4 Bd7 14. Ne2 f3 15. gxf3
exf3 16. O-O Qxe2 17. Qa4 Qg2# {sekere checkmated} 0-1

[Event "ICS rated standard match"]
[Site "204.178.125.65"]
[Date "2001.01.12"]
[Round "?"]
[White "IZZYLISTED"]
[Black "Hossa"]
[Result "0-1"]
[WhiteElo "2123"]
[BlackElo "2356"]
[PlyCount "82"]
[EventDate "2001.??.??"]

1. e4 e5 2. Nf3 Nf6 3. Nc3 Bb4 4. Nxe5 Qe7 5. Nd3 Bxc3 6. dxc3 Qxe4+ 7. Qe2 O-O
8. Qxe4 Nxe4 9. Bf4 d6 10. f3 Nf6 11. Kf2 Bf5 12. g4 Be6 13. h3 Nc6 14. Re1 Nd5
15. Bd2 a6 16. Kg3 Nb6 17. b3 Rfe8 18. Nf4 Re7 19. Nxe6 Rxe6 20. Rxe6 fxe6 21.
Bd3 Rf8 22. Re1 e5 23. Be4 d5 24. Bd3 g6 25. Be3 Nd7 26. c4 d4 27. Bc1 Nc5 28.
Ba3 Nxd3 29. cxd3 Re8 30. Re4 h6 31. Kf2 Re6 32. Ke2 g5 33. Kf2 Rf6 34. Kg3 Kf7
35. h4 gxh4+ 36. Kg2 Kg6 37. Re1 h5 38. gxh5+ Kxh5 39. Re4 Rg6+ 40. Kf2 h3 41.
Re1 Rg2+ {IZZYLISTED resigns} 0-1

[Event "ICS Rated standard match"]
[Site "204.178.125.65"]
[Date "2001.01.12"]
[Round "?"]
[White "diep"]
[Black "Hossa"]
[Result "1-0"]
[WhiteElo "2481"]
[BlackElo "2363"]
[PlyCount "159"]
[EventDate "2001.??.??"]

1. e4 e5 2. Nf3 Nf6 3. Nxe5 d6 4. Nf3 Nxe4 5. d4 d5 6. Bd3 Bd6 7. O-O O-O 8. c4
c6 9. cxd5 cxd5 10. Nc3 Nxc3 11. bxc3 Bg4 12. Rb1 Nd7 13. h3 Bh5 14. Rb5 Nb6
15. a4 a6 16. Rb1 Bxf3 17. Qxf3 Nxa4 18. Rxb7 Nxc3 19. Bxh7+ Kxh7 20. Qxc3 Qf6
21. Be3 Kg8 22. Qa5 Qf5 23. Rc1 Bf4 24. Bxf4 Qxf4 25. Rd1 Qf5 26. Re7 Rfb8 27.
Re5 Qc2 28. Rde1 Rb5 29. Qa3 Rb1 30. Rxb1 Qxb1+ 31. Kh2 Qc2 32. Qf3 Rd8 33. Re7
Qg6 34. g3 Kf8 35. Ra7 Kg8 36. h4 Qe6 37. Qd3 Qe4 38. Qe3 Rd6 39. Qg5 Qf3 40.
Qe3 Qxe3 41. fxe3 Re6 42. Rd7 Rxe3 43. Rxd5 Kf8 44. Ra5 Re6 45. Kg2 Rf6 46. Ra4
Ke7 47. g4 Kd7 48. g5 Rd6 49. Kf3 Kc7 50. Ke4 Re6+ 51. Kd3 f5 52. d5 Rd6 53.
Kd4 g6 54. Ke5 Rb6 55. Rc4+ Kd7 56. Rc6 Rb4 57. Rxg6 Re4+ 58. Kxf5 Rxh4 59.
Rxa6 Rh1 60. g6 Rf1+ 61. Ke4 Re1+ 62. Kf4 Rf1+ 63. Kg3 Rf8 64. g7 Rg8 65. Kf4
Kc7 66. Kf5 Kb7 67. Kg6 Kxa6 68. Kf7 Rc8 69. g8=Q Rc7+ 70. Ke6 Rc2 71. Qg3 Re2+
72. Kd6 Re8 73. Qg6 Re1 74. Kc5+ Kb7 75. Qb6+ Kc8 76. Qa7 Rf1 77. Kc6 Rf6+ 78.
d6 Rxd6+ 79. Kxd6 Kd8 80. Qd7# {Hossa checkmated} 1-0

[Event "ICS rated blitz match"]
[Site "204.178.125.65"]
[Date "2001.01.12"]
[Round "?"]
[White "pob"]
[Black "Hossa"]
[Result "0-1"]
[WhiteElo "2013"]
[BlackElo "2555"]
[PlyCount "64"]
[EventDate "2001.??.??"]

1. e4 e5 2. Nf3 Nf6 3. Nc3 Bb4 4. Bb5 O-O 5. O-O d6 6. d3 c6 7. Ba4 Na6 8. Bg5
Nc5 9. Bb3 Nxb3 10. axb3 Be6 11. h3 Qe7 12. d4 h6 13. Bxf6 Qxf6 14. dxe5 dxe5
15. Ra4 Rfd8 16. Qe2 a5 17. Rd1 Rxd1+ 18. Qxd1 Qf4 19. Ne2 Qxe4 20. c3 b5 21.
Ra1 Bc5 22. Ng3 Qg6 23. b4 Ba7 24. Kf1 e4 25. Nd4 axb4 26. Nxc6 Bc4+ 27. Kg1
Qxc6 28. cxb4 Bxf2+ 29. Kxf2 Qb6+ 30. Ke1 Qe3+ 31. Ne2 Rxa1 32. Qxa1 Qxe2# {
pob checkmated} 0-1

[Event "ICS Rated standard match"]
[Site "204.178.125.65"]
[Date "2001.01.12"]
[Round "?"]
[White "QuarkX"]
[Black "Hossa"]
[Result "1/2-1/2"]
[WhiteElo "2283"]
[BlackElo "2352"]
[PlyCount "221"]
[EventDate "2001.??.??"]

1. f4 Nf6 2. Nf3 g6 3. c4 Bh6 4. e3 O-O 5. Nc3 d5 6. d4 c6 7. Be2 Bf5 8. Qb3 b6
9. Bd2 dxc4 10. Qxc4 b5 11. Qb3 a5 12. a3 a4 13. Qd1 Ne4 14. Nxe4 Bxe4 15. O-O
Qd5 16. Qe1 Bg7 17. Qh4 f6 18. Rfc1 Na6 19. Bc3 c5 20. Qf2 Qb7 21. dxc5 Nxc5
22. Bxf6 Nb3 23. Bxg7 Kxg7 24. Ng5 Bd5 25. Bf3 Bxf3 26. Ne6+ Kg8 27. Qxf3 Qxf3
28. gxf3 Nxc1 29. Rxc1 Rac8 30. Rd1 Rf6 31. Nd4 Rc5 32. Kf2 Rd6 33. Rb1 Rdd5
34. h4 Kf7 35. Ke2 h6 36. Kd3 Rc4 37. b3 axb3 38. Rxb3 Kf6 39. Rb1 Rcc5 40. e4
Rd8 41. e5+ Kf7 42. Rb4 e6 43. a4 bxa4 44. Rxa4 Rd7 45. Ra1 g5 46. hxg5 hxg5
47. Ra6 Rc1 48. Ra4 Rd1+ 49. Ke3 gxf4+ 50. Ke4 Ke7 51. Nc6+ Kf8 52. Kxf4 Rc1
53. Nd4 Ke7 54. Nb5 Rf1 55. Nd6 Rc7 56. Ne4 Rh1 57. Kg5 Rh8 58. Ra2 Rg8+ 59.
Kf4 Rf8+ 60. Ke3 Rf5 61. f4 Rf7 62. Ra6 Rg7 63. Kd4 Rg8 64. Ng5 Rg6 65. Ra8 Rb7
66. Kc4 Kd7 67. Ne4 Kc7 68. Nc5 Rb6 69. Ra7+ Kd8 70. Ra8+ Ke7 71. Ra7+ Ke8 72.
Ra8+ Kf7 73. Ra7+ Kg8 74. Nd7 Rc6+ 75. Nc5 Rc8 76. Kd4 Re8 77. Rb7 Kf8 78. Rd7
Re7 79. Rd8+ Kf7 80. Rh8 Kg7 81. Rh1 Re8 82. Ra1 Kf7 83. Ne4 Kf8 84. Ra6 Rg7
85. Ng5 Rd7+ 86. Ke4 Rde7 87. Ra2 Kg8 88. Rb2 Rg7 89. Rb6 Rg6 90. Ra6 Re7 91.
Ra8+ Kg7 92. Ke3 Rh6 93. Ra6 Re8 94. Ke4 Kf8 95. Kd3 Rg6 96. Ke4 Ke7 97. Ra7+
Kd8 98. Nf7+ Kc8 99. Ng5 Kb8 100. Rd7 Ka8 101. Kd3 Rh6 102. Ke3 Kb8 103. Ke4
Ka8 104. Ke3 Kb8 105. Rd6 Ka7 106. Kf3 Rg6 107. Ne4 Rg7 108. Nc5 Rge7 109. Ke4
Kb8 110. Ra6 Kc8 111. Ra5 {Game drawn by the 50 move rule} 1/2-1/2

[Event "ICS Rated standard match"]
[Site "204.178.125.65"]
[Date "2001.01.12"]
[Round "?"]
[White "BrazilianMaster"]
[Black "Hossa"]
[Result "1-0"]
[WhiteElo "2617"]
[BlackElo "2349"]
[PlyCount "125"]
[EventDate "2001.??.??"]

1. d4 d5 2. c4 e6 3. Nc3 Nf6 4. Bg5 Nbd7 5. e3 c6 6. Nf3 Qa5 7. Nd2 Bb4 8. Qc2
O-O 9. Bxf6 Nxf6 10. Be2 Qc7 11. a3 Be7 12. O-O Bd6 13. c5 Bxh2+ 14. Kh1 e5 15.
g3 exd4 16. exd4 Bxg3 17. fxg3 Qxg3 18. Nf3 Nh5 19. Nh2 Nf4 20. Bf3 Bh3 21. Qf2
Qg5 22. Rg1 Qh6 23. Rg3 b6 24. Rag1 Ne6 25. cxb6 axb6 26. Bd1 g6 27. Qf3 Nf4
28. Qe3 Qh4 29. Bg4 Bg2+ 30. R1xg2 Nxg2 31. Kxg2 Rae8 32. Qf4 f5 33. Nf3 Qf6
34. Bh3 Re6 35. Qc7 Re3 36. Kf2 Ree8 37. Bg2 b5 38. Rh3 Rf7 39. Qb6 Rff8 40.
Ne5 Qg5 41. Qxc6 Qf4+ 42. Ke2 Qg4+ 43. Kf1 Qf4+ 44. Bf3 Qc1+ 45. Kf2 Qxb2+ 46.
Ne2 Rxe5 47. dxe5 Qxe5 48. Bxd5+ Kh8 49. Qxg6 Qc7 50. Qe6 Qa7+ 51. Kg2 f4 52.
Nxf4 Qf7 53. Qxf7 Rxf7 54. Bxf7 Kg7 55. Be8 b4 56. axb4 Kf6 57. b5 Ke5 58. b6
Kxf4 59. b7 Ke4 60. b8=Q Kd5 61. Re3 h6 62. Qb6 h5 63. Bf7# {Hossa checkmated}
1-0

[Event "ICS rated standard match"]
[Site "204.178.125.65"]
[Date "2001.01.12"]
[Round "?"]
[White "Hossa"]
[Black "BrazilianMaster"]
[Result "0-1"]
[WhiteElo "2343"]
[BlackElo "2623"]
[PlyCount "150"]
[EventDate "2001.??.??"]

1. e4 e5 2. Nf3 d6 3. d4 exd4 4. Nxd4 Nf6 5. Nc3 Be7 6. Bc4 O-O 7. O-O Nc6 8.
h3 Re8 9. Nxc6 bxc6 10. Re1 Nd7 11. Qh5 Ne5 12. Bb3 Ba6 13. Bf4 g6 14. Qd1 Bf6
15. Ba4 Rb8 16. Qc1 Qd7 17. Nd5 Bg7 18. Bh6 Bb5 19. Bxb5 Rxb5 20. Bxg7 cxd5 21.
a4 Rc5 22. b4 Rc4 23. Bf6 Qe6 24. Bxe5 dxe5 25. exd5 Qxd5 26. c3 a6 27. Rd1 Qc6
28. Ra3 Kg7 29. Qe3 Re6 30. Rd8 Re4 31. Qd2 Rd6 32. Rxd6 cxd6 33. f3 Rc4 34.
Qe3 Kf6 35. Qd2 d5 36. Kh2 d4 37. cxd4 exd4 38. Qf4+ Kg7 39. Qe5+ Qf6 40. Qxf6+
Kxf6 41. Rb3 Rc6 42. b5 axb5 43. Rxb5 Ke6 44. Rb3 Rc3 45. Rb6+ Kd5 46. Rb7 d3
47. Rd7+ Kc4 48. Kg3 f6 49. h4 Ra3 50. Kf4 Ra2 51. g4 Kc3 52. g5 fxg5+ 53. hxg5
Kd2 54. Rxh7 Rxa4+ 55. Kg3 Kc3 56. Kf2 Ra2+ 57. Ke3 Re2+ 58. Kf4 d2 59. Rc7+
Kd3 60. Rd7+ Kc2 61. Rc7+ Kd1 62. Rh7 Re8 63. Kg3 Ke2 64. Rd7 d1=Q 65. Rxd1
Kxd1 66. Kf2 Re2+ 67. Kg3 Ke1 68. f4 Rf2 69. Kg4 Kf1 70. Kg3 Kg1 71. Kh3 Rf3+
72. Kh4 Kg2 73. Kg4 Rf1 74. f5 Rxf5 75. Kh4 Rf4# {Hossa checkmated} 0-1

[Event "ICS rated standard match"]
[Site "204.178.125.65"]
[Date "2001.01.12"]
[Round "?"]
[White "bperon"]
[Black "Hossa"]
[Result "0-1"]
[WhiteElo "1739"]
[BlackElo "2338"]
[PlyCount "56"]
[EventDate "2001.??.??"]

1. e4 e5 2. Nf3 Nf6 3. Nxe5 d6 4. Nxf7 Kxf7 5. Bc4+ Be6 6. Bxe6+ Kxe6 7. Nc3
Kd7 8. O-O Kc8 9. d4 Be7 10. Kh1 Nc6 11. Be3 Re8 12. f3 Nd7 13. Qd2 Nb6 14. b3
Nd7 15. Rae1 b6 16. Ne2 Kb7 17. c4 a5 18. Nc3 Bh4 19. g3 Be7 20. f4 Rh8 21. d5
Nb4 22. Ne2 Qe8 23. Nd4 Nc5 24. Bg1 Rf8 25. Rf3 Qh5 26. Qe2 Bf6 27. a3 Bxd4 28.
Bxd4 Nc2 {bperon resigns} 0-1

[Event "ICS rated blitz match"]
[Site "204.178.125.65"]
[Date "2001.01.12"]
[Round "?"]
[White "Hossa"]
[Black "astrogr"]
[Result "1-0"]
[WhiteElo "2556"]
[BlackElo "2396"]
[PlyCount "41"]
[EventDate "2001.??.??"]

1. e4 e5 2. Nf3 Nf6 3. Nxe5 d6 4. Nf3 Nxe4 5. d4 d5 6. Bd3 Nc6 7. O-O Be7 8.
Re1 Bg4 9. c4 Nf6 10. cxd5 Qxd5 11. Nc3 Bxf3 12. Nxd5 Bxd1 13. Nxc7+ Kd7 14.
Nxa8 Bg4 15. d5 Nd4 16. Be3 Bc5 17. Rac1 b6 18. Rc4 Rxa8 19. Bxd4 Bxd4 20. Rxd4
Bh5 21. d6 {astrogr resigns} 1-0

[Event "ICS rated blitz match"]
[Site "204.178.125.65"]
[Date "2001.01.12"]
[Round "?"]
[White "Hossa"]
[Black "astrogr"]
[Result "1-0"]
[WhiteElo "2565"]
[BlackElo "2390"]
[PlyCount "39"]
[EventDate "2001.??.??"]

1. e4 c6 2. Nf3 d5 3. Nc3 dxe4 4. Nxe4 Nd7 5. Bc4 Ngf6 6. d3 e6 7. O-O Nb6 8.
Bb3 Nxe4 9. dxe4 Qxd1 10. Rxd1 Be7 11. Bf4 Bd7 12. a4 O-O-O 13. a5 Na8 14. a6
b6 15. Ne5 Rhf8 16. Nxd7 Rxd7 17. Rxd7 Kxd7 18. Be5 f6 19. Rd1+ Kc8 20. Bxe6# {
astrogr checkmated} 1-0

[Event "ICS rated blitz match"]
[Site "204.178.125.65"]
[Date "2001.01.12"]
[Round "?"]
[White "astrogr"]
[Black "Hossa"]
[Result "0-1"]
[WhiteElo "2381"]
[BlackElo "2574"]
[PlyCount "32"]
[EventDate "2001.??.??"]

1. d4 Nf6 2. Nf3 g6 3. c4 Bg7 4. Nc3 O-O 5. e4 d6 6. Be2 Na6 7. d5 e5 8. O-O c6
9. a3 Nc5 10. Qc2 cxd5 11. cxd5 Qc7 12. b4 Ncxe4 13. Qxe4 Nxe4 14. Nxe4 f5 15.
Ned2 e4 16. Bb2 Bxb2 {astrogr resigns} 0-1